00481nam a22001572 4500001001100000005001700011008004100028040000800069100002100077245009500098260003600193300002400229504003100253650001700284050002200301000001557120140825164619.0090331s1958 enk b 000 0 eng d aPUL1 aCullmann, Oscar.10aImmortality of the soul :bor, Resurrection of the dead? The witness of the New Testament. aLondon :bEpworth Press,c1958. a60 p. ;c19 cm. aBibliographical footnotes. 0aImmortality. aBT872b.C813 1958